| 000 | 00410pab a2200169 454500 | ||
|---|---|---|---|
| 008 | 180718b2006 xxu||||| |||| 00| 0 eng d | ||
| 100 | _aGangania, Ish | ||
| 245 | _aCultural nationalism, humanism and Dr Ambedkar | ||
| 260 | _c2006 | ||
| 300 | _ap.21-25. | ||
| 362 | _a15 Apr | ||
| 650 | _aHumanism | ||
| 650 | _aAmbedkar, B.R. | ||
| 650 | _aCultural nationalis | ||
| 773 | _aMainstream | ||
| 909 | _a69220 | ||
| 999 |
_c69220 _d69220 |
||